000 00502nam a2200205 a 4500
001 11092
003 CO-ViMGA
008 141112s2004 ck r 000 u spa d
020 _a84 20481173
040 _aCO-ViMGA
_bspa
_cCO-ViMGA
082 0 4 _aU863.6 O53c2
100 1 _aOnetti, Carlos
_915365
245 1 0 _aCuentos completos
250 _a8
260 _aMexico,
_cAlfaguara,
_c1999
300 _a487 p.
490 _acolección continente
650 1 4 _aNOVELA URUGUAYA
_915366
942 _2ddc
_cBK
999 _c22306
_d22306